| 000 | 01152cam a22003493a 4500 | ||
|---|---|---|---|
| 001 | 3189 | ||
| 005 | 20250610112201.0 | ||
| 020 | _a9780590451918 | ||
| 040 |
_aBKX _cBKX _dBAKER _dDLC _beng |
||
| 050 | 0 | 0 | _aPZ7.R5943 |
| 082 | 0 | 4 | _a643.1 |
| 100 | 1 | _aRockwell, Anne | |
| 245 | 1 | 0 |
_aApples and pumpkins / _cby Rockwell, Anne ; pictures by Rockwell, Lizzy |
| 250 | _aFirst Scholastic printing, September 1991 | ||
| 260 |
_aNew York : _bScholastic , _c1989 |
||
| 300 |
_a24 unnumbered pages : _bcolor illustrations ; _c19 cm . |
||
| 505 | _aH | ||
| 520 | _aIn preparation for Halloween night, a family visits Mr. Comstock's farm to pick apples and pumpkins. | ||
| 521 | 1 |
_a440
_bLexile |
|
| 521 | 1 |
_aH
_bRaz-Plus |
|
| 650 | 0 |
_aAutumn _vJuvenile fiction |
|
| 650 | 0 |
_aHalloween _vJuvenile fiction |
|
| 650 | 0 |
_aApples _vJuvenile fiction |
|
| 650 | 0 |
_aPumpkin _vJuvenile fiction |
|
| 650 | 1 |
_aAutumn _vFiction |
|
| 650 | 1 |
_aHalloween _vFiction |
|
| 650 | 1 |
_aApples _vFiction |
|
| 650 | 1 |
_aPumpkin _vFiction |
|
| 700 | 1 |
_aRockwell, Lizzy _eillustrator |
|
| 906 |
_a7 _bcbc _ccopycat _d2 _encip _f20 _gy-gencatlg |
||
| 942 |
_2ddc _cBK _n0 |
||
| 999 |
_c3189 _d3189 |
||